|
|
|
|
| LEADER |
00000naa2a2200000 4500 |
| 001 |
74377 |
| 005 |
20240201142203.0 |
| 035 |
|
|
|a (RuTPU)RU\TPU\book\79317
|
| 090 |
|
|
|a 74377
|
| 100 |
|
|
|a 20050303d2000 k y0rusy50 ca
|
| 101 |
0 |
|
|a rus
|
| 102 |
|
|
|a RU
|
| 200 |
1 |
|
|a Использование современных internet-технологий в дистанционном обучении при решении проектно-конструкторских задач
|f С. А. Горисев [и др.]
|
| 463 |
|
1 |
|0 (RuTPU)RU\TPU\book\14603
|t Проблемы и практика инженерного образования. Высшее техническое образование: Качество и интернационализация
|o труды IV Международной научно-практической конференции, 14-17 марта 2000 г., г. Томск
|f Томский политехнический университет
|v С. 67-68
|d 2000
|p 190 с.
|
| 610 |
1 |
|
|a методы обучения
|
| 610 |
1 |
|
|a образование
|
| 610 |
1 |
|
|a дистанционное обучение
|
| 610 |
1 |
|
|a компьютерные технологии
|
| 610 |
1 |
|
|a информационные технологии
|
| 610 |
1 |
|
|a WEB-технологии
|
| 610 |
1 |
|
|a труды учёных ТПУ
|
| 610 |
1 |
|
|a системы
|
| 701 |
|
1 |
|a Горисев
|b С. А.
|c специалист в области информатики и вычислительной техники
|c доцент Томского политехнического университа, кандидат технических наук
|f 1956-
|g Сергей Алексеевич
|3 (RuTPU)RU\TPU\pers\25777
|9 11668
|
| 701 |
|
1 |
|a Жилкин
|b П. Н.
|c специалист в области портальных технологий
|c программист Томского политехнического университета
|g Павел Николаевич
|3 (RuTPU)RU\TPU\pers\26879
|
| 701 |
|
1 |
|a Офицеров
|b А. Ю.
|
| 701 |
|
1 |
|a Степанов
|b Б. Л.
|c специалист в области начертательной геометрии
|c доцент Томского политехнического университета
|f 1930-
|g Борис Леонидович
|3 (RuTPU)RU\TPU\pers\27777
|
| 801 |
|
1 |
|a RU
|b 63413507
|c 20050303
|g PSBO
|
| 801 |
|
2 |
|a RU
|b 63413507
|c 20160219
|g PSBO
|
| 942 |
|
|
|c BK
|